00616nam a2200205 a 450000100060000000300080000600500170001400800410003103500190007204000270009104100080011808200240012610000360015024500730018626000530025930000220031260000340033465000240036865000180039263437BD-RjUL20211209081210.0170130s1955 nyu 000 0 eng  a(BD-RjUL)63566 aDLCcOCldBD-RjULbeng aeng 223a843.8bMAC 19551 aMaupassant, Guy de,d1850-1893.14aThe complete short stories of Guy de Maupassant /cGuy de Maupassant aNew York city :bBlue ribbon books, inc.,cc1955 a1338 p. ;c22 cm. aMaupassant, Guy de, 1850-1893 aManners and customs aShort stories